LEADER 01101nam a2200301 i 4500 001 991001709859707536 005 20020507150829.0 008 000309s1981 it ||| | ita 020 $a8802036497 035 $ab11552839-39ule_inst 035 $aLE02723633$9ExL 040 $aDip.to Studi Giuridici$bita 082 0 $a346 084 $aCM-VI/A 100 1 $aCastellano, Gaetano$0153811 245 13$aLe assicurazioni private /$cGaetano Castellano, Sergio Scarlatella 250 $a2. ed. 260 $aTorino :$bUTET,$c1981 300 $axxiv, 879 p. ;$c25 cm. 490 0 $aGiurisprudenza sistematica di diritto civile e commerciale 650 4$aAssicurazioni private$xGiurisprudenza 700 1 $aScarlatella, Sergio$eauthor$4http://id.loc.gov/vocabulary/relators/aut$0226563 907 $a.b11552839$b01-03-17$c02-07-02 912 $a991001709859707536 945 $aLE027 CM-VI/A 37$g1$iLE027-547$lle027$o-$pE0.00$q-$rl$s- $t0$u0$v0$w0$x0$y.i11753055$z02-07-02 996 $aAssicurazioni private$91444435 997 $aUNISALENTO 998 $ale027$b01-01-00$cm$da $e-$fita$git $h3$i1 LEADER 01265nam 2200385 450 001 996279890503316 005 20230803043432.0 035 $a(CKB)4340000000004368 035 $a(WaSeSS)IndRDA00119777 035 $a(EXLCZ)994340000000004368 100 $a20200309d2013 uy 0 101 0 $aeng 135 $aur||||||||||| 181 $ctxt$2rdacontent 182 $cc$2rdamedia 183 $acr$2rdacarrier 200 10$a2013 Transducers & Eurosensors XXVII $eThe 17th international conference on solid-state sensors, Actuators and Microsystems : 16-20 June 2013, Barcelona, Spain /$fIEEE Electron Devices Society 210 1$aPiscataway, New Jersey :$cInstitute of Electrical and Electronics Engineers,$d2013. 215 $a1 online resource (65 pages) 311 $a1-4673-5983-1 311 $a1-4673-5982-3 606 $aDetectors$vCongresses 606 $aActuators$vCongresses 606 $aTransducers$vCongresses 615 0$aDetectors 615 0$aActuators 615 0$aTransducers 676 $a681.2 712 02$aIEEE Electron Devices Society, 801 0$bWaSeSS 801 1$bWaSeSS 906 $aPROCEEDING 912 $a996279890503316 996 $a2013 Transducers & Eurosensors XXVII$92534816 997 $aUNISA LEADER 02578nas a2200445 i 4500 001 991002577869707536 005 20231114120929.0 008 011205m19949999it || | |ita 035 $ab11678860-39ule_inst 080 $aCDU 347.77 229 3$aIl diritto industriale 245 03$aIl diritto industriale /$cIpsoa. - 1994- 260 $aMilano :$bIpsoa,$c1994- 500 $aNumero 0 di saggio nel 1993. 591 $aCodice CNR: P 00151331 592 $aLE029 1994- 592 $aLE027 2001- 710 2 $aIstituto per lo studio dell'organizzazione aziendale 856 41$uhttp://pluris-cedam.utetgiuridica.it/cgi-bin/SmartLogin?LOGIN=leccesalento&PASSWD=pluris2018)$zE-journal (Publisher Site) 907 $a.b11678860$b23-01-19$c08-07-02 912 $a991002577869707536 945 $aLE029$g1$lle029$o-$pE0.00$q-$rn$so $t18$u0$v0$w0$x0$y.i11906339$z08-07-02 945 $aLE029$g1$lle029$on$pE122.12$q-$rn$so $t18$u0$v0$w0$x0$y.i13121923$z02-03-04 945 $aLE029$c2003$g1$lle029$on$pE131.10$q-$rn$so $t18$u0$v0$w0$x0$y.i13959876$z10-12-04 945 $aLE029$c2002$g2$lle029$on$pE93.00$q-$rn$so $t18$u0$v0$w0$x0$y.i13988050$z20-01-05 945 $aLE029$c2006$g1$lle029$on$pE104.91$q-$rn$so $t18$u0$v0$w0$x0$y.i14356569$z31-01-07 945 $aLE029$c2004$g1$lle029$op$pE104.90$q-$rn$so $t18$u0$v0$w0$x0$y.i14455705$z21-05-07 945 $aLE029$c2005$g1$lle029$op$pE104.90$q-$rn$so $t18$u0$v0$w0$x0$y.i14455729$z21-05-07 945 $aLE027$g1$lle027$o-$pE0.00$q-$rn$so $t18$u0$v0$w0$x0$y.i12535576$z20-06-03 945 $aLE027$c2002$g1$iLE027-11516$lle027$on$pE93.00$q-$rn$so $t18$u0$v0$w0$x0$y.i12535461$z19-06-03 945 $aLE027$c2003$g0$iLE027-11599$lle027$on$pE114.00$q-$rn$so $t18$u0$v0$w0$x0$y.i12546598$z14-07-03 945 $aLE027$c2004$g1$iLE027-14769$lle027$on$pE118.00$q-$rn$so $t18$u0$v0$w0$x0$y.i13900614$z19-10-04 945 $aLE027$c2005$g1$iLE027-16224$lle027$on$pE120.00$q-$rn$so $t18$u0$v0$w0$x0$y.i1399668x$z01-02-05 945 $aLE027$c2006$g1$iLE027-22295$lle027$on$pE125.00$q-$rn$so $t18$u0$v0$w0$x0$y.i14466624$z29-05-07 945 $aLE027$c2007$g1$iLE027-22586$lle027$on$pE140.00$q-$rn$so $t18$u0$v0$w0$x0$y.i14526220$z25-07-07 945 $aLE027$c2008$g1$iLE027-24506$lle027$on$pE150.00$q-$rn$so $t18$u0$v0$w0$x0$y.i14697142$z18-03-08 945 $aLE027$c2009$g1$iLE027-26775$lle027$on$pE155.00$q-$rn$so $t18$u0$v0$w0$x0$y.i14928607$z11-02-09 996 $aDiritto industriale$960244 997 $aUNISALENTO 998 $a(7)le029$a(10)le027$b01-01-01$cs$da $e-$fita$git $h3$i17